| 000 | 00817nam a2200265 i 4500 | ||
|---|---|---|---|
| 001 | bg | ||
| 003 | BPK | ||
| 005 | 20141230122036.0 | ||
| 008 | 981118s1984 pl a f |000 0 pol | ||
| 015 | _aPB 1985/3054 | ||
| 020 | _a8370010245 | ||
| 040 |
_aWA N _cBPK |
||
| 041 | 0 | _apol | |
| 080 | _a621.317 | ||
| 100 | 1 | _aMetal, Artur. | |
| 245 | 1 | 0 |
_aMiernictwo elektryczne / _cArtur Metal, Stefan Kubisa. |
| 260 |
_aWarszawa : _b"Alfa", _c1984. |
||
| 300 |
_a259, [1] s. : _bfot. ; _c24 cm. |
||
| 504 | _aBibliogr. s. 258-260. | ||
| 650 | 4 |
_aElektrotechnika _xpomiary _xurządzenia. |
|
| 650 | 4 |
_aElektrotechnika _xpomiary _xurządzenia. |
|
| 700 | 1 | _aKubisa, Stefan. | |
| 856 |
_uhttp://koha.tu.koszalin.pl/cgi-bin/koha/opac-detail.pl?biblionumber=137 _yKatalog online BPK |
||
| 942 |
_2UKD _cKS |
||
| 999 |
_c137 _d137 |
||